Premier League Teams 23/24 - Nottingham Forrest - Statistics

General Stats
  • This quiz has been taken 5 times
  • The average score is 7 of 21
Answer Stats
Question Answer % Correct
What is the name of their stadium? City Ground
100%
Which team is their closest rival? Notts County
100%
What is the colour of their home kit? Red
100%
How many top division titles have they won? One
80%
How many consecutive seasons in the top division? Two
80%
What is their nickname? Forest
60%
Which year did they win their most recent top division title? 1978
40%
Who is the owner of the club? (If more than one owner, use the person/company with the majority stake) Evangelos Marinakis
40%
Who is their head Coach? Nuno Espírito Santo
40%
Their record home attendance was against Manchester in 1967. How many were there. (To the nearest 1,000) 49,946
20%
Their biggest loss was against Burnley in 1959. What was the score? 8-0
20%
With 692 games, who has played the most for them? Bob McKinlay
0%
Their record cup win was 14-0 1891. Who was it against? Clapton FC
0%
Their oldest first team player was 42 years, 47 days. Who was it? Dave Beasant
0%
Their record league win was 7-0 in 1927, 1957 and 1991. Can you name one of their opponents? FulhamBurnley Chelsea
0%
With 217 goals, who is their record goal scorer? Grenville Morris
0%
Which company sponsors their kit? Kaiyun Sports
0%
Who is the chairman? Tom Cartledge
0%
...and what does it mean in English? Virtue Outlives Death
0%
What is their motto? Vivit Post Funera Virtus
0%
Their youngest first team player was only 16 years, 102 days. What was his name? Zach Abbott
0%
No matching quizzes found
Score Distribution
Percent of People with Each Score
Percentile by Number Answered
Your Score History
You have not taken this quiz